000 01074nam a2200277 i 4500
001 106516
003 ES-MaACL
005 20250811101651.0
007 t|
008 061124s1979 sp ||||1| spa d
080 _a75 Espinosa Arroquia, Francisco (083.82)
100 1 _aEspinosa Arroquia, Francisco.
_947902
245 1 0 _aF. Espinosa Arroquia
_b: [exposición, Sala del Prado del Ateneo de Madrid, abril de 1979] /
_c[texto: A. M. Campoy].
260 _aMadrid :
_bAteneo de Madrid,
_c1979.
300 _a[4] p. :
_bil. ;
_c26 cm.
490 1 _aAteneo de Madrid. Sala del Prado
600 1 4 _aEspinosa Arroquia, Francisco-
_vExposiciones.
_947903
610 2 7 _aAteneo de Madrid-
_vExposiciones-
_y1970-1979.
_91921
655 7 _2tgfbne
_9193628
_aCatálogos de exposiciones
700 1 _aCampoy, A. M.,
_d1924-1993
_934292
710 2 _aAteneo de Madrid.
_bSala del Prado.
_91965
830 0 0 _aAteneo de Madrid.
_pSala del Prado
_9185209
852 _aES-MaACL
_j2209-F-21
_9110559
_bR.138268
_cDEPOF
942 _2udc
_cFOLLETOS
999 _c106516
_d106516